LEADER 01094nam a2200265 i 4500 001 000000245133 003 CaOOAMICUS 005 20150924000000.0 008 150924s1926 it u000 u ita u 013 $a224038 040 $aSeMil$bita 100 0 $aAntonino,$c.$0(OLS)http://semarc/name/12496 245 10$aOpera a ben vivere /$cS. Antonino ; a cura e con prefazione di Cesare Angelini. 260 $aMilano :$bIstituto Editoriale Italiano,$c1926. 300 $a171 p. ;$c19 cm. 490 0 $aBiblioteca dei santi ;$vVol.11 500 $aFondo card. Giovanni Colombo. 700 1 $aAngelini, Cesare,$c.$0(OLS)http://semarc/name/18192 830 0$aBiblioteca dei santi ;$vVol.11.$0(OLS)http://semarc/title/223 850 $aSeMil 852 $aSeMil$W1$xVenegono$y1$m3GC II 344$j195479$B195479$CSeMilBibl$Z2$F206151 $8B 941 1 $a3 961 $aLascito: Colombo Card. Giovanni 996 $6245$aOpera a ben vivere$9(OLS)http://semarc/title/53436 996 $6260$aMilano :$bIstituto Editoriale Italiano$9(OLS)http://semarc/publisher/31153 LEADER 01896nam a2200265 i 4500 001 000000025636 003 CaOOAMICUS 005 20230710115737.0 008 180830s19211924gw u000 u ger u 040 $aSeMil$bita 245 00$aAmtliche Aktenstücke zur Geschichte der Europäischen Politik :$bunveröffentlichte diplomatische Dokumente /$cim Auftrage des Auswärtigen Amt ; herausgegeben von Oberst Berngard Schwertfeger. 264 1$aMünchen :$bEuropäische Verlagsgesellschaft für geschichtliche Politik,$c1921-1924. 300 $av. ;$c25 cm. 650 4$aDiplomazia - Documenti - Sec. 19.-20.$0(OLS)http://semarc/subject/52124 650 4$aGermania - Politica estera - 1871-1918.$0(OLS)http://semarc/subject/4065 650 4$aGermania - Politica e governo - 1871-1918.$0(OLS)http://semarc/subject/4066 700 1 $aSchwertfeger, Oberst Berngard <1868-1953>.$0(OLS)http://semarc/name/11389 700 1 $aAuswärtiges Amt.$0(OLS)http://semarc/name/11387 774 0 $tEuropäischen Kriegsverhandlungen.$gSonderausgabe$w()207248 774 0 $tDeutschlands Freispruch von der Schuld am Kriege ; aus den belgischen Diplomatenberichten der Jahre 1871-1914.$dBerlin : Deutsche Verlagsgesellschaft für Politik und Geschichte, 1921.$gSonderausgabe$w()207250 774 0 $aSchwertfeger, Oberst Berngard <1868-1953>$tPoincaré und die Schuld am Kriege.$dBerlin : Deutsche Verlagsgesellschaft für Politik und Geschichte, 1921.$w()207251 774 0 $tTiger, die Kriegsreden Georges Clémenceaus.$dBerlin : Deutsche Verlagsgesellschaft für Politik und Geschichte, 1921.$w()207252 996 $6245$aAmtliche Aktenstücke zur Geschichte der Europäischen Politik :$bunveröffentlichte diplomatische Dokumente$9(OLS)http://semarc/title/34535 996 $6264$aMünchen :$bEuropäische Verlagsgesellschaft für geschichtliche Politik$9(OLS)http://semarc/publisher/36558